Name the 14 Apostles (Sudden Death) - Statistics

General Stats
  • This quiz has been taken 74 times
  • The average score is 6 of 14
Answers on the Grid
Answers color-coded by a green-red scale on the quiz's grid according to % correct below.
Simon the Zealot
Matthew
Matthias
Mary Madgalene
Judas Iscariot
Joseph
Philip
Nicodemus
Peter
Ezekiel
Herod
Paul
Pontius Pilate
John
James
Jacob
Moses
Thaddaeus
Luke
Andrew
Joshua
Aaron
Barnabas
Thomas
Stephen
Daniel
Gabriel
Bartholomew
Michael
James
 
Answer Stats
Answer % Correct
Matthew
77%
Peter
70%
John
62%
Judas Iscariot
60%
James
49%
Andrew
43%
Simon the Zealot
40%
Thomas
36%
Philip
34%
James
32%
Bartholomew
30%
Paul
30%
Thaddaeus
28%
Matthias
26%
No matching quizzes found
Score Distribution
Percent of People with Each Score
Percentile by Number Answered
Your Score History
You have not taken this quiz